00560nam a22001697a 450000500170000001000150001702000260003203500140005803700130007208200130008510000130009824500950011126000470020627000540025330000330030750000500034020170721141235.0 aENG-119280 a9788173054587c995.00 aEN-102812 bDBAD/PUB a230.5923 aLal,B.B. aHistoricity of the Mahabharta :cbyB.B. Lalbevidence of literature, art and archaeology / aNew DelhibAryan Book Interrnationalc2015 aPooja Apartments 4BAnsari RoadbNew Delhie110002 axiiii,104p. :c25cm(Hb)bill aIncludes bibliographical references and Index